[Event "Wch U20 55th"]
[Site "Bhubaneswar"]
[Date "2016.08.21"]
[Round "13"]
[White "Erigaisi, Arjun Kumar"]
[Black "Evangelista, Paul Robert"]
[Result "0-1"]
[WhiteElo "2337"]
[BlackElo "2020"]
[PlyCount "96"]
[EventDate "2016.08.08"]
[EventType "swiss"]
[EventRounds "13"]
[EventCountry "IND"]
[SourceTitle "CBM 173 Extra"]
[Source "ChessBase"]
[SourceDate "2016.08.29"]
[SourceVersion "1"]
[SourceVersionDate "2016.08.29"]
[SourceQuality "1"]

1. d4 d6 2. e4 Nf6 3. Nc3 e5 4. dxe5 dxe5 5. Qxd8+ Kxd8 6. Bg5 Be6 7. 0-0-0+ Nbd7 8. Nf3 Kc8 9. a3 Ng4 10. Bh4 f6 11. h3 Nh6 12. g4 g5 13. Bg3 Nf7 14. Be2 c6 15. Kb1 b5 16. a4 a6 17. b3 Bb4 18. Nd5 cxd5 19. exd5 Bf5 20. gxf5 bxa4 21. c3 Be7 22. b4 Nd6 23. h4 g4 24. Nd2 h5 25. Bd3 a5 26. Ka2 axb4 27. cxb4 Nb6 28. Rc1+ Kd7 29. Rc5 Rhc8 30. Rb1 Kd8 31. Be4 Nbc4 32. Nxc4 Nxe4 33. d6 Bxd6 34. Nxd6 Nxd6 35. Rd1 Ke7 36. Bxe5 fxe5 37. Rxe5+ Kd7 38. f6 Re8 39. Rxh5 Re2+ 40. Ka3 Ke6 41. Rd4 Rc2 42. b5 Rc3+ 43. Kb2 Rf3 44. Rxg4 a3+ 45. Ka1 Rxf2 46. Rg1 Nf5 47. Rd1 a2 48. b6 Nd4 0-1

[Event "Wch U20 55th"]
[Site "Bhubaneswar"]
[Date "2016.08.17"]
[Round "9"]
[White "Evangelista, Paul Robert"]
[Black "Squella Lavin, Carlos Felipe"]
[Result "0-1"]
[WhiteElo "2020"]
[BlackElo "2203"]
[PlyCount "94"]
[EventDate "2016.08.08"]
[EventType "swiss"]
[EventRounds "13"]
[EventCountry "IND"]
[SourceTitle "CBM 173 Extra"]
[Source "ChessBase"]
[SourceDate "2016.08.29"]
[SourceVersion "1"]
[SourceVersionDate "2016.08.29"]
[SourceQuality "1"]

1. e4 e6 2. d3 c5 3. g3 Nc6 4. Bg2 g6 5. Nc3 Bg7 6. Be3 b6 7. Nge2 Nge7 8. d4 cxd4 9. Nxd4 0-0 10. 0-0 a6 11. f4 Bb7 12. Nxc6 Bxc6 13. Bd4 f6 14. h4 Qc7 15. Qe2 f5 16. e5 Bxg2 17. Kxg2 b5 18. Kh2 Rac8 19. a3 Nc6 20. Rfd1 Rf7 21. Qf2 Nxd4 22. Qxd4 d5 23. a4 Qb7 24. axb5 axb5 25. Ra5 Rc4 26. Qd3 b4 27. Nxd5 exd5 28. Rxd5 Qc6 29. Rd2 Bf8 30. Qb3 Kg7 31. h5 Re4 32. hxg6 hxg6 33. Kg2 Qa6 34. Rd7 Qc4 35. Qa4 Kg8 36. Rxf7 Qxf7 37. Qc6 Rc4 38. Qa6 Rc7 39. Qb6 Ra7 40. Qd4 Qb7+ 41. Kf2 Ra5 42. Qc4+ Kg7 43. g4 fxg4 44. Qd3 Be7 45. Kg3 Qh1 46. e6 Qh3+ 47. Kf2 Bc5+ 0-1

[Event "Wch U20 55th"]
[Site "Bhubaneswar"]
[Date "2016.08.11"]
[Round "4"]
[White "Akash, G."]
[Black "Evangelista, Paul Robert"]
[Result "1-0"]
[WhiteElo "2400"]
[BlackElo "2020"]
[PlyCount "65"]
[EventDate "2016.08.08"]
[EventType "swiss"]
[EventRounds "13"]
[EventCountry "IND"]
[SourceTitle "CBM 173 Extra"]
[Source "ChessBase"]
[SourceDate "2016.08.29"]
[SourceVersion "1"]
[SourceVersionDate "2016.08.29"]
[SourceQuality "1"]

1. e4 e6 2. d4 d5 3. Nc3 Nf6 4. Nb1 Ng8 5. Nc3 Nf6 6. e5 Nfd7 7. f4 c5 8. Nf3 Nc6 9. Be3 Be7 10. Qd2 a6 11. dxc5 Bxc5 12. 0-0-0 Qa5 13. Bxc5 Nxc5 14. Qe3 Bd7 15. Kb1 Rc8 16. a3 Ne7 17. Nd4 Qb6 18. Bd3 Nxd3 19. Rxd3 Nc6 20. f5 Nxd4 21. Rxd4 Rc4 22. Rhd1 Qc5 23. Qf4 exf5 24. Rxc4 dxc4 25. Qg3 g6 26. Nd5 Bc6 27. Nf6+ Ke7 28. Qh4 Ke6 29. Nd7 Qd5 30. Qf6+ Kxd7 31. Rxd5+ Bxd5 32. Qxh8 Bxg2 33. Qxh7 1-0

[Event "Olongapo City Puregold op-B"]
[Site "Olongapo City"]
[Date "2015.11.20"]
[Round "7"]
[White "Evangelista, Paul Robert"]
[Black "Pradas, Dale Fernandez"]
[Result "1-0"]
[WhiteElo "1943"]
[BlackElo "2003"]
[PlyCount "81"]
[EventDate "2015.11.17"]
[EventType "swiss"]
[EventRounds "9"]
[EventCountry "PHI"]
[SourceTitle "EXT 2017"]
[Source "ChessBase"]
[SourceDate "2016.10.25"]
[SourceVersion "1"]
[SourceVersionDate "2016.10.25"]
[SourceQuality "1"]

1. e4 g6 2. d4 Bg7 3. Nc3 d6 4. Be3 Nf6 5. Qd2 Ng4 6. Bg5 h6 7. Bh4 g5 8. Bg3 e5 9. Nge2 Nc6 10. d5 Ne7 11. f3 Nf6 12. h4 g4 13. h5 0-0 14. f4 exf4 15. Bxf4 Kh7 16. e5 Ne8 17. exd6 Nxd6 18. 0-0-0 Nef5 19. Ng3 Nxg3 20. Bxg3 f5 21. Bd3 Bd7 22. Rde1 Qf6 23. Bh4 Qd4 24. Rhf1 Rae8 25. Rf4 Rxe1+ 26. Bxe1 Qg1 27. Rxg4 Re8 28. Kd1 Bf6 29. Ne2 Qh2 30. Rg6 Bg7 31. g4 Ne4 32. Qf4 Qh1 33. gxf5 Nf6 34. Qg3 Rg8 35. Nf4 Be8 36. Ne6 Qxh5+ 37. Be2 Bxg6 38. Bxh5 Bxh5+ 39. Kc1 Nxd5 40. Qh4 Bf7 41. Ng5+ 1-0

[Event "Olongapo City op-B"]
[Site "Olongapo City"]
[Date "2015.11.13"]
[Round "8"]
[White "Mendoza, Shania Mae"]
[Black "Evangelista, Paul Robert"]
[Result "1/2-1/2"]
[WhiteElo "2057"]
[BlackElo "1943"]
[PlyCount "123"]
[EventDate "2015.11.09"]
[EventType "swiss"]
[EventRounds "10"]
[EventCountry "PHI"]
[SourceTitle "EXT 2017"]
[Source "ChessBase"]
[SourceDate "2016.10.25"]
[SourceVersion "1"]
[SourceVersionDate "2016.10.25"]
[SourceQuality "1"]

1. e4 Nf6 2. e5 Nd5 3. c4 Nb6 4. d4 d6 5. exd6 exd6 6. Nc3 Be7 7. Be3 Nc6 8. Rc1 0-0 9. Bd3 Bf6 10. Nge2 Bg4 11. f3 Bh4+ 12. Kf1 Bh5 13. Nf4 Re8 14. Bf2 Bg6 15. Nxg6 hxg6 16. g3 Bf6 17. Ne2 Nb4 18. a3 Nxd3 19. Qxd3 d5 20. c5 Nd7 21. h4 c6 22. Kg2 b6 23. b4 a5 24. b5 bxc5 25. dxc5 Ne5 26. Qc2 cxb5 27. Nd4 Qb8 28. Rb1 b4 29. Rb3 Nc4 30. axb4 a4 31. Rbb1 Na3 32. Qa2 Nxb1 33. Rxb1 Bxd4 34. Bxd4 Qb5 35. Bf2 d4 36. Rd1 Qxb4 37. Rxd4 Qxc5 38. Rxa4 Rxa4 39. Qxa4 Re2 40. Qe8+ Rxe8 41. Bxc5 f6 42. Kf2 Kf7 43. g4 Ke6 44. Be3 Kd5 45. Bf4 Kd4 46. Bd6 Kd3 47. Bc5 Rh8 48. Kg3 Ke2 49. g5 Rc8 50. gxf6 Rxc5 51. fxg7 Rc8 52. Kg4 Rg8 53. f4 Rxg7 54. f5 gxf5+ 55. Kxf5 Rh7 56. Kg5 Kf3 57. h5 Ke4 58. Kg6 Ra7 59. h6 Ke5 60. h7 Ra6+ 61. Kg5 Ra8 62. Kg6 1/2-1/2

[Event "PHI-ch U18"]
[Site "San Antonio"]
[Date "2014.04.24"]
[Round "7"]
[White "Evangelista, Paul Robert"]
[Black "Balbona, Felix Shaun"]
[Result "0-1"]
[WhiteElo "2096"]
[BlackElo "2136"]
[PlyCount "90"]
[EventDate "2014.04.21"]
[EventType "swiss"]
[EventRounds "13"]
[EventCountry "PHI"]
[SourceTitle "CBM 160 Extra"]
[Source "ChessBase"]
[SourceDate "2014.07.01"]
[SourceVersion "1"]
[SourceVersionDate "2014.07.01"]
[SourceQuality "1"]

1. e4 c6 2. c4 d5 3. cxd5 cxd5 4. exd5 Qxd5 5. Nc3 Qd6 6. d4 Nf6 7. Nf3 e6 8. Bd3 Be7 9. 0-0 a6 10. Be3 Nbd7 11. Nd2 b5 12. Qf3 Qb8 13. Bf4 Qb7 14. Nce4 Qd5 15. Rfd1 Bb7 16. Be5 Nxe5 17. dxe5 Nd7 18. Nd6+ Bxd6 19. Be4 Qxe5 20. Bxb7 Qxh2+ 21. Kf1 Ne5 22. Qc3 b4 23. Qc2 Rd8 24. Qa4+ Ke7 25. Ne4 Qh1+ 26. Ke2 Qxg2 27. Nxd6 Qg4+ 28. f3 Qg2+ 29. Ke1 Nxf3+ 30. Bxf3 Qxf3 31. Qxb4 Qe3+ 32. Kf1 Qf3+ 33. Ke1 Qg3+ 34. Ke2 Rxd6 35. Qb7+ Kf6 36. Rxd6 Qe5+ 37. Kf2 Qxd6 38. Qf3+ Ke7 39. Qb7+ Qd7 40. Qb4+ Ke8 41. Qb8+ Qd8 42. Qa7 Qf6+ 43. Ke3 Qe5+ 44. Kf3 g5 45. Qxa6 g4+ 0-1

[Event "PHI-ch U18"]
[Site "San Antonio"]
[Date "2014.04.23"]
[Round "4"]
[White "Evangelista, Paul Robert"]
[Black "Fagon, Romy"]
[Result "0-1"]
[WhiteElo "2096"]
[BlackElo "2058"]
[PlyCount "47"]
[EventDate "2014.04.21"]
[EventType "swiss"]
[EventRounds "13"]
[EventCountry "PHI"]
[SourceTitle "CBM 160 Extra"]
[Source "ChessBase"]
[SourceDate "2014.07.01"]
[SourceVersion "1"]
[SourceVersionDate "2014.07.01"]
[SourceQuality "1"]

1. e4 Nf6 2. e5 Nd5 3. d4 d6 4. c4 Nb6 5. f4 c5 6. dxc5 dxc5 7. Qxd8+ Kxd8 8. Be3 Be6 9. Nd2 N8d7 10. Ngf3 f6 11. Rd1 Ke8 12. Bd3 g6 13. 0-0 Bh6 14. exf6 exf6 15. Ne4 Bf8 16. Rfe1 Be7 17. b4 Kf7 18. Bxc5 Nxc5 19. bxc5 Na4 20. Nd6+ Bxd6 21. cxd6 Rad8 22. g4 Bxg4 23. Re7+ Kf8 24. Be2 0-1

[Event "PHI-ch U18"]
[Site "San Antonio"]
[Date "2014.04.22"]
[Round "3"]
[White "Medina, Vince Angelo"]
[Black "Evangelista, Paul Robert"]
[Result "1/2-1/2"]
[WhiteElo "2143"]
[BlackElo "2096"]
[PlyCount "67"]
[EventDate "2014.04.21"]
[EventType "swiss"]
[EventRounds "13"]
[EventCountry "PHI"]
[SourceTitle "CBM 160 Extra"]
[Source "ChessBase"]
[SourceDate "2014.07.01"]
[SourceVersion "1"]
[SourceVersionDate "2014.07.01"]
[SourceQuality "1"]

1. d4 Nf6 2. g3 g6 3. Bg2 Bg7 4. c4 c5 5. d5 d6 6. Nc3 0-0 7. e4 a6 8. Nge2 b5 9. cxb5 axb5 10. Nxb5 Ba6 11. Nbc3 Nbd7 12. 0-0 Qb6 13. Qc2 Ne5 14. Rd1 Bc4 15. Bf4 Nh5 16. Bg5 h6 17. Be3 Ng4 18. Bf4 Rfb8 19. Bf3 Nxf4 20. gxf4 h5 21. h3 Qxb2 22. Qxb2 Rxb2 23. hxg4 Ra3 24. e5 Bxe2 25. Bxe2 Rxc3 26. a4 Rxe2 27. a5 Rcc2 28. a6 Rxf2 29. a7 Rg2+ 30. Kh1 Rh2+ 31. Kg1 Rcg2+ 32. Kf1 Rf2+ 33. Kg1 Rfg2+ 34. Kf1 1/2-1/2